| 000 | 00344nam a2200133Ia 4500 | ||
|---|---|---|---|
| 999 |
_c18455 _d18455 |
||
| 082 | _aTD.0143 | ||
| 100 | _aDhillon, Manjit K. | ||
| 245 | 0 | _aProblem of juvenile delinquency in India | |
| 260 |
_c1962 _bUniversity of Delhi |
||
| 300 | _axxv,404p. | ||
| 650 | _aJUVENILE DELINQUENCY - INDIA | ||
| 710 | _aBhattacharya, B.K. | ||
| 942 |
_cTH _2ddc |
||